Numerické modelování rychlých dějů : autoreferát disertační práce /

Main Author: Bělík, Radomír, 1988-
Corporate Author: Vysoká škola báňská - Technická univerzita Ostrava. Strojní fakulta
Language: Czech
English
Published: Ostrava : VŠB - Technická univerzita Ostrava, Fakulta strojní, 2020
Edition: 1. vydání
Series: Vědecké spisy Fakulty strojní. Autoreferáty disertačních prací ; sv. 372
Subjects:
Physical Description: 50 stran : ilustrace (převážně barevné) ; 21 cm
Language note: Částečně souběžný anglický text, české a anglické resumé
Book
Saved in:
LEADER 02817nam a2200649 i 4500
001 nkc20203244893
003 CZ PrNK
005 20220203100827.0
007 ta
008 200902s2020 xr a f m 000 0 cze
015 |a cnb003244893 
020 |a 978-80-248-4438-1  |q (brožováno) :  |c neprodejné 
035 |a (OCoLC)1296107783 
040 |a BOA001  |b cze  |e rda 
041 1 |a cze  |a eng  |b cze  |b eng  |h cze 
072 7 |a 620.1/.2  |x Nauka o materiálu  |2 Konspekt  |9 19 
080 |a 620.17  |2 MRF 
080 |a 539.37/.38  |2 MRF 
080 |a 531.43/.46:539.3  |2 MRF 
080 |a 519.876.5  |2 MRF 
080 |a (043.3)  |2 MRF 
080 |a (048.3)  |2 MRF 
100 1 |a Bělík, Radomír,  |d 1988-  |7 mzk20211133162  |4 dis 
245 1 0 |a Numerické modelování rychlých dějů :  |b autoreferát disertační práce /  |c Radomír Bělík 
250 |a 1. vydání 
264 1 |a Ostrava :  |b VŠB - Technická univerzita Ostrava, Fakulta strojní,  |c 2020 
300 |a 50 stran :  |b ilustrace (převážně barevné) ;  |c 21 cm 
336 |a text  |b txt  |2 rdacontent 
337 |a bez média  |b n  |2 rdamedia 
338 |a svazek  |b nc  |2 rdacarrier 
490 1 |a Vědecké spisy Fakulty strojní. Autoreferáty disertačních prací ;  |v sv. 372 
500 |a "Studijní program: P2346 Strojní inženýrství, studijní obor: 3901V003 Aplikovaná mechanika" 
500 |a Autoreferát disertační práce (Ph.D.)--VŠB - Technická univerzita Ostrava, Fakulta strojní, 2020 
500 |a 21 výtisků 
504 |a Obsahuje bibliografie 
546 |a Částečně souběžný anglický text, české a anglické resumé 
650 0 7 |a zkoušení mechanických vlastností materiálů  |7 ph136581  |2 czenas 
650 0 7 |a deformace  |7 ph119357  |2 czenas 
650 0 7 |a kontaktní mechanika  |7 ph694880  |2 czenas 
650 0 7 |a numerické modelování  |7 ph123367  |2 czenas 
650 0 9 |a testing of mechanical properties of materials  |2 eczenas 
650 0 9 |a deformations (mechanics)  |2 eczenas 
650 0 9 |a contact mechanics  |2 eczenas 
650 0 9 |a numerical modeling  |2 eczenas 
653 0 |a dynamické zatížení materiálu 
655 7 |a disertace  |7 fd132024  |2 czenas 
655 7 |a autoreferáty  |7 fd131857  |2 czenas 
655 9 |a dissertations  |2 eczenas 
655 9 |a autoabstracts  |2 eczenas 
710 2 |a Vysoká škola báňská - Technická univerzita Ostrava.  |b Strojní fakulta  |7 kn20010709395  |4 isb 
810 2 |a Vysoká škola báňská - Technická univerzita Ostrava.  |b Strojní fakulta.  |t Vědecké spisy.  |p Autoreferáty disertačních prací  |0 s 
910 2 |a BOA001  |b 2-1477.686 
928 9 |a Vysoká škola báňská - Technická univerzita Ostrava, Strojní fakulta 
990 |a BK 
995 |a 01 
991 |b 202112  |c NOV 
996 6 |b 2610886123  |c 2-1477.686  |l MZK  |r Sklad / do 1 hodiny  |n 0  |p p.v.  |w 001869419  |u 000010  |a 1  |e BOA001  |j MZK50  |s P